[Event "Druzynowe Mistrzostwa Polski Juniorow - II liga"]
[Site "Sypniewo k. Jastowia"]
[Date "2024-06-17"]
[Round "2.48"]
[White "Grad, Barbara"]
[Black "Galinska, Pola"]
[Result "1-0"]
[WhiteTitle "II"]
[BlackTitle "II+"]
[WhiteElo "1509"]
[BlackElo "1568"]

1. e4 c5 2. Nf3 e6 3. c3 Nf6 4. e5 Nd5 5. Bc4 d6 6. O-O Be7 7. d4 cxd4 8. Qxd4
Nc6 9. Qe4 dxe5 10. Nxe5 Nxe5 11. Qxe5 Bf6 12. Qe4 Nb6 13. Bb5+ Bd7 14. Rd1 Qc8
15. Bxd7+ Nxd7 16. Qa4 Qc6 17. Qxc6 bxc6 18. Bf4 Nb6 19. Na3 O-O 20. Rd2 Nd5 21.
Bg3 Rfd8 22. Rad1 h5 23. h3 Be7 24. Nc4 f6 25. Na5 c5 26. Nc4 Kf7 27. f3 g5 28.
h4 gxh4 29. Bxh4 Rg8 30. Kh2 Nb6 31. Nd6+ Bxd6+ 32. Rxd6 Nd5 33. Bf2 Rad8 34.
Rxd8 Rxd8 35. c4 Ke7 36. Bxc5+ Ke8 37. cxd5 exd5 38. Bxa7 Ra8 39. Bc5 Rd8 40.
Kg3 Kf7 41. Kh4 Kg6 42. a3 Rd7 43. b4 Rd8 44. a4 Kf5 45. g3 Rd7 46. a5 Ke6 47.
b5 Rc7 48. Bd4 Rc2 49. Kh3 Ra2 50. a6 1-0

[Event "Druzynowe Mistrzostwa Polski Juniorow - II liga"]
[Site "Sypniewo k. Jastowia"]
[Date "2024-06-17"]
[Round "2.49"]
[White "Zmarzly, Wiktor"]
[Black "Paprocki, Antoni"]
[Result "0-1"]
[WhiteTitle "I+"]
[BlackTitle "k"]
[WhiteElo "1891"]
[BlackElo "2164"]

1. c4 e5 2. Nc3 Nc6 3. g3 Bc5 4. Bg2 d6 5. e3 a6 6. Nge2 Ba7 7. a3 h5 8. d4 h4
9. Bxc6+ bxc6 10. dxe5 Bg4 11. exd6 0-1

[Event "Druzynowe Mistrzostwa Polski Juniorow - II liga"]
[Site "Sypniewo k. Jastowia"]
[Date "2024-06-17"]
[Round "2.50"]
[White "Herka, Jakub"]
[Black "Jania, Kamil"]
[Result "1-0"]
[WhiteTitle "I"]
[BlackTitle "II"]
[WhiteElo "1796"]
[BlackElo "1446"]

1. d4 d5 2. c4 e6 3. cxd5 exd5 4. Nc3 Nf6 5. Bg5 Be7 6. e3 c6 7. Bd3 O-O 8. Nge2
Nh5 9. Bxe7 Qxe7 10. Qc2 g6 11. O-O Qg5 12. Rae1 f5 13. Ng3 Nxg3 14. hxg3 Nd7
15. Ne2 Nf6 16. Nf4 Qh6 17. f3 g5 18. Nh3 Nh5 1-0

[Event "Druzynowe Mistrzostwa Polski Juniorow - II liga"]
[Site "Sypniewo k. Jastowia"]
[Date "2024-06-17"]
[Round "2.51"]
[White "Reterski, Wiktor"]
[Black "Rabenda, Piotr"]
[Result "0-1"]
[WhiteTitle "II+"]
[BlackTitle "I"]
[WhiteElo "1666"]
[BlackElo "1633"]

1. c4 Nf6 2. Nf3 e6 3. d4 b6 4. g3 Ba6 5. b3 Bb4+ 6. Bd2 Be7 7. Bg2 c6 8. Nc3 d5
9. cxd5 cxd5 10. O-O Nbd7 11. Re1 O-O 12. Qb1 Bb7 13. Qd3 Ne4 14. Ne5 Nxe5 15.
dxe5 Nxd2 16. Qxd2 Qc7 0-1

[Event "Druzynowe Mistrzostwa Polski Juniorow - II liga"]
[Site "Sypniewo k. Jastowia"]
[Date "2024-06-17"]
[Round "2.52"]
[White "Bednarek, Jan"]
[Black "Feseniuk, Pavlo"]
[Result "1-0"]
[WhiteTitle "I"]
[BlackTitle "II"]
[WhiteElo "1786"]
[BlackElo "1683"]

1. e4 e6 2. d4 d5 3. Nd2 Nf6 4. e5 Nfd7 5. Bd3 c5 6. c3 Nc6 7. Ne2 cxd4 8. cxd4
Qb6 9. Nf3 Bb4+ 10. Kf1 O-O 11. Bxh7+ Kh8 12. Bc2 1-0

[Event "Druzynowe Mistrzostwa Polski Juniorow - II liga"]
[Site "Sypniewo k. Jastowia"]
[Date "2024-06-17"]
[Round "2.53"]
[White "Gorecka, Laura"]
[Black "Michniak, Julia"]
[Result "0-1"]
[WhiteTitle "I"]
[BlackTitle "I"]
[WhiteElo "1529"]
[BlackElo "1509"]

1. e4 c5 2. Nf3 Nf6 3. Nc3 d5 4. exd5 Nxd5 5. Be2 g6 6. O-O Bg7 7. Bc4 Nxc3 8.
dxc3 O-O 9. Bg5 Bg4 10. Qxd8 Rxd8 11. Bxe7 Re8 12. Bxc5 Bxf3 13. gxf3 Rc8 14.
Bd5 Nd7 15. Bd6 Nc5 16. Bxc5 Rxc5 17. Bxb7 Rb8 18. Be4 Rxb2 19. Rab1 Rxa2 20.
Ra1 Rca5 21. Rad1 Bxc3 22. Rd7 Rg5+ 23. Kh1 Ra4 24. Bc6 Rh4 25. Rg1 Rgh5 26. Rg2
Be5 27. Bd5 Ra4 28. Bxf7+ Kf8 29. Rd1 Kxf7 30. Re1 Ra1 31. Rxa1 Bxa1 32. c4 Be5
0-1

[Event "Druzynowe Mistrzostwa Polski Juniorow - II liga"]
[Site "Sypniewo k. Jastowia"]
[Date "2024-06-17"]
[Round "2.55"]
[White "Bochniak, Franciszek"]
[Black "Panasiuk, Piotr"]
[Result "1-0"]
[WhiteTitle "I++"]
[BlackTitle "II"]
[WhiteElo "1936"]
[BlackElo "1517"]

1. e4 e6 2. d4 d5 3. e5 c5 4. c3 Nc6 5. Nf3 Qb6 6. Be2 Nge7 7. Na3 cxd4 8. cxd4
Nf5 9. Nc2 Bd7 10. O-O Be7 11. Bd3 Rc8 12. b4 a6 13. a3 O-O 14. g4 Nh4 15. Nxh4
Bxh4 16. g5 Ne7 17. Ne1 Bb5 18. Bxb5 axb5 19. Ng2 Rxc1 20. Rxc1 Bxg5 21. f4 Bh6
22. Qd3 Nf5 23. Rc5 g6 24. Rd1 Qa6 25. Rdc1 b6 26. Rc7 Ra8 27. R1c3 Bf8 28. Ne3
Nh4 29. Ng4 Bg7 30. Rd7 1-0

[Event "Druzynowe Mistrzostwa Polski Juniorow - II liga"]
[Site "Sypniewo k. Jastowia"]
[Date "2024-06-17"]
[Round "2.56"]
[White "Tanski, Wojciech"]
[Black "Lonski, Aleksander"]
[Result "0-1"]
[WhiteTitle "III"]
[BlackTitle "I+"]
[WhiteElo "1441"]
[BlackElo "1852"]

1. d4 Nf6 2. Bf4 b6 3. e3 Bb7 4. Nf3 Nh5 5. Bg3 Nxg3 6. hxg3 g6 7. Bc4 e6 8. c3
Bg7 9. Nbd2 d6 10. O-O O-O 11. Qc2 Nd7 12. Rae1 Rc8 13. Qd3 c5 14. Ba6 Bxa6 15.
Qxa6 Qc7 16. Qd3 d5 17. e4 dxe4 18. Nxe4 cxd4 19. Nxd4 Nc5 20. Nxc5 bxc5 21. Nf3
c4 22. Qc2 Rb8 23. Nd2 Qa5 24. a3 Qb5 25. Rb1 Rfd8 26. Rfe1 Bh6 27. Nf3 Rd5 28.
Re4 Bg7 29. Nd2 Rbd8 30. Nf3 e5 31. Qe2 f5 32. Rxc4 e4 33. Ng5 Rd2 34. Qf1 Qe5
35. Rc6 R2d3 36. Ne6 Rb8 37. Nc5 Rd5 38. Qc4 Kh8 39. Na6 Rbd8 40. Nb4 Rd2 41.
Re6 Qb8 42. Nc6 Qc8 43. Qb5 Qxe6 44. Nxd8 Rxd8 45. c4 Bd4 46. c5 e3 47. fxe3 Qxe3+
48. Kh2 Qh6# 0-1

[Event "Druzynowe Mistrzostwa Polski Juniorow - II liga"]
[Site "Sypniewo k. Jastowia"]
[Date "2024-06-17"]
[Round "2.57"]
[White "Jodlowski, Robert"]
[Black "Kopacki, Aleksander"]
[Result "1/2-1/2"]
[WhiteTitle "II"]
[BlackTitle "I"]
[WhiteElo "1675"]
[BlackElo "1782"]

1. d4 d5 2. c4 dxc4 3. Nf3 Nf6 4. g3 c6 5. Bg2 g6 6. O-O Bg7 7. Qc2 Bf5 8. Qxc4
O-O 9. Nh4 Be6 10. Qd3 Nd5 11. Rd1 Nb4 12. Qd2 Nxa2 13. Nc3 Nxc1 14. Qxc1 Qb6
15. d5 Bxc3 1/2-1/2

[Event "Druzynowe Mistrzostwa Polski Juniorow - II liga"]
[Site "Sypniewo k. Jastowia"]
[Date "2024-06-17"]
[Round "2.58"]
[White "Tanski, Jakub"]
[Black "Wites, Adam"]
[Result "0-1"]
[WhiteTitle "III"]
[BlackTitle "II+"]
[WhiteElo "1416"]
[BlackElo "1657"]

1. e4 c6 2. Nc3 d5 3. Nf3 Bg4 4. exd5 cxd5 5. d4 Nc6 6. Bb5 e6 7. Bf4 Qb6 8. Bxc6+
bxc6 9. O-O Bxf3 10. Qxf3 Qxd4 11. Rad1 Qf6 12. Rfe1 Ne7 13. h3 g5 14. Be5 Qxf3
15. gxf3 Rg8 16. Bd6 Nf5 17. Bxf8 Kxf8 18. Na4 Nh4 19. Rd3 Rb8 20. b3 Rb4 21.
Nc5 Rf4 22. Nd7+ Ke7 23. Ne5 f6 24. Nxc6+ Kd6 25. Ree3 Kxc6 26. Rxe6+ Kc5 27.
Re7 Nxf3+ 28. Kf1 Ne5 29. Rc3+ Kd4 30. Rcc7 h5 31. Rxa7 Ke4 32. Rec7 g4 33. Ra4+
Kf5 34. hxg4+ Rgxg4 35. Rxf4+ Kxf4 36. a4 Rg8 37. Rh7 Kg4 38. Rh6 h4 39. Rxf6
Nf3 40. Rg6+ Re8 0-1

[Event "Druzynowe Mistrzostwa Polski Juniorow - II liga"]
[Site "Sypniewo k. Jastowia"]
[Date "2024-06-17"]
[Round "2.59"]
[White "Grzesik, Nikola"]
[Black "Woytitzki, Maja"]
[Result "1-0"]
[WhiteTitle "I"]
[BlackTitle "I"]
[WhiteElo "1635"]
[BlackElo "1544"]

1. e4 c5 2. Nf3 d6 3. d4 cxd4 4. Nxd4 Nf6 5. Nc3 a6 6. Nb3 e5 7. Bg5 Be7 8. Bxf6
Bxf6 9. Qd3 Be6 10. O-O-O Be7 11. g3 Nc6 12. f4 Nb4 13. Qf3 Rc8 14. Kb1 Bxb3 15.
cxb3 Qa5 16. Bc4 b5 17. Bxf7+ Kxf7 18. fxe5+ Ke8 19. a3 Rf8 20. Qh5+ g6 21. Qxh7
Rxc3 22. Qxg6+ Kd7 23. Rxd6+ Kc7 24. axb4 Qxb4 25. Rxa6 Qxb3 26. Qb6+ Kd7 27.
e6+ 1-0

[Event "Druzynowe Mistrzostwa Polski Juniorow - II liga"]
[Site "Sypniewo k. Jastowia"]
[Date "2024-06-17"]
[Round "2.60"]
[White "Woytitzki, Sophie"]
[Black "Smagala, Oliwia"]
[Result "1-0"]
[WhiteTitle "I"]
[BlackTitle "II"]
[WhiteElo "1583"]
[BlackElo "1528"]

1. e4 e5 2. Nf3 Nc6 3. Bc4 Nf6 4. d3 h6 5. Nc3 d6 6. Be3 Be7 7. h3 O-O 8. Qd2 Nh7
9. Nd5 Bf6 10. O-O-O Nd4 11. Kb1 c6 12. Nc3 b5 13. Bb3 a5 14. a4 bxa4 15. Bxa4
Rb8 16. b3 Bd7 17. Bxh6 gxh6 18. Qxh6 Bg7 19. Qxd6 Re8 20. Nd5 Rc8 21. Nxd4 Bf8
22. Ne7+ Bxe7 23. Qxe5 c5 24. Bxd7 Qxd7 25. Nf5 Bf6 26. Qd6 Qb5 27. Qg3+ Kf8 28.
Nd6 Qb4 29. Nxe8 Rxe8 30. Qd6+ Kg8 31. d4 Bxd4 32. Rxd4 Qxd4 33. Qxd4 cxd4 34.
f3 Rb8 35. Rd1 a4 36. Ka2 axb3+ 37. cxb3 Ra8+ 38. Kb2 Rd8 39. b4 Nf6 40. Kb3 Nh5
41. b5 d3 42. Kc4 Rc8+ 43. Kd5 Nf4+ 44. Kd6 Rc3 45. b6 Rb3 46. Kc6 Rc3+ 47. Kb7
Rc2 48. g3 Ng2 49. Rxd3 Rb2 50. Ka7 Ra2+ 51. Kb8 Rb2 52. b7 Kg7 53. Ra3 Rd2 54.
Ka8 Rd8+ 55. b8=Q Rxb8+ 56. Kxb8 f6 57. f4 Kg6 58. Ra5 Ne3 59. Kc7 Kf7 60. Kd7
Nc4 61. Ra7 Kg6 62. Ke6 Ne3 63. f5+ Kg5 64. Rg7+ Kh6 65. Kxf6 Nxf5 66. exf5 Kh5
67. Rh7# 1-0

[Event "Druzynowe Mistrzostwa Polski Juniorow - II liga"]
[Site "Sypniewo k. Jastowia"]
[Date "2024-06-17"]
[Round "2.61"]
[White "Serewa, Antoni"]
[Black "Matela, Krzysztof"]
[Result "1/2-1/2"]
[WhiteTitle "I"]
[BlackTitle "I"]
[WhiteElo "1890"]
[BlackElo "2024"]

1. d4 Nf6 2. c4 g6 3. Nc3 Bg7 4. e4 d6 5. f3 c5 6. Be3 cxd4 7. Bxd4 Nc6 8. Be3
O-O 9. Bd3 Nd7 10. Nge2 Nde5 11. b3 f5 12. O-O Qa5 13. Rc1 Bd7 14. Bb1 Bc8 15.
Bd3 Bd7 16. Bb1 1/2-1/2

[Event "Druzynowe Mistrzostwa Polski Juniorow - II liga"]
[Site "Sypniewo k. Jastowia"]
[Date "2024-06-17"]
[Round "2.62"]
[White "Misiek, Stanislaw"]
[Black "Rzenca, Jerzy"]
[Result "1/2-1/2"]
[WhiteTitle "I"]
[BlackTitle "I"]
[WhiteElo "1805"]
[BlackElo "1875"]

1. Nf3 d5 2. g3 Nf6 3. Bg2 c6 4. O-O Bf5 5. d4 e6 6. b3 Be7 7. Bb2 h6 8. c4 O-O
9. Nc3 Nbd7 10. Nd2 Qc7 11. e4 Nxe4 12. Ndxe4 dxe4 13. Nxe4 Nf6 14. Qe2 Nxe4 15.
Bxe4 Bxe4 16. Qxe4 Bf6 17. Rad1 Rfd8 18. Rd2 Qa5 19. Qc2 Rd7 20. Rfd1 Rad8 21.
Bc3 Ra8 22. Bb2 Rad8 23. Bc3 1/2-1/2

[Event "Druzynowe Mistrzostwa Polski Juniorow - II liga"]
[Site "Sypniewo k. Jastowia"]
[Date "2024-06-17"]
[Round "2.63"]
[White "Ozog, Bartosz"]
[Black "Majcher, Igor"]
[Result "1-0"]
[WhiteTitle "I"]
[BlackTitle "I"]
[WhiteElo "1747"]
[BlackElo "2003"]

1. d4 f5 2. Bg5 g6 3. e3 Bg7 4. Nf3 h6 5. Bh4 Nf6 6. Bxf6 Bxf6 7. Bd3 d5 8. c3
O-O 9. Nbd2 c5 10. Qc2 Nd7 11. h3 Kg7 12. Rg1 e5 13. dxe5 Nxe5 14. Nxe5 Bxe5 15.
O-O-O c4 16. Be2 Qa5 17. Nf3 Bf6 18. a3 Be5 1-0

[Event "Druzynowe Mistrzostwa Polski Juniorow - II liga"]
[Site "Sypniewo k. Jastowia"]
[Date "2024-06-17"]
[Round "2.67"]
[White "Burda, Igor"]
[Black "Marchewka, Kajetan"]
[Result "1/2-1/2"]
[WhiteTitle "II+"]
[BlackTitle "II+"]
[WhiteElo "1648"]
[BlackElo "1743"]

1. e4 c6 2. d4 d5 3. e5 Bf5 4. Nf3 e6 5. Bd3 Bxd3 6. Qxd3 Qa5+ 7. Bd2 Qa6 8. Qxa6
Nxa6 9. O-O c5 10. c3 Ne7 11. Bg5 Nc6 12. a3 c4 13. Nbd2 h6 14. Bh4 Na5 15. h3
Nb8 16. Nh2 Nbc6 17. f4 Be7 18. Nhf3 O-O 19. Bxe7 Nxe7 20. Nh4 Nec6 21. f5 Kh7
22. Rf2 Ne7 23. Raf1 exf5 24. Nxf5 Nxf5 25. Rxf5 Kg8 26. R5f2 Nc6 27. Nf3 b5 28.
Nh4 Ne7 29. Nf5 Nxf5 30. Rxf5 Rae8 31. Re1 Re6 32. Kh2 Rfe8 33. Ref1 1/2-1/2

[Event "Druzynowe Mistrzostwa Polski Juniorow - II liga"]
[Site "Sypniewo k. Jastowia"]
[Date "2024-06-17"]
[Round "2.68"]
[White "Jozwiak, Oliwier"]
[Black "Trusewicz, Jakub"]
[Result "1/2-1/2"]
[WhiteTitle "II"]
[BlackTitle "II"]
[WhiteElo "1669"]
[BlackElo "1573"]

1. e4 e5 2. Nf3 Nc6 3. d4 exd4 4. Nxd4 Bc5 5. Nxc6 bxc6 6. Nc3 Qe7 7. Bd3 d6 8.
O-O h6 9. Qf3 Bd7 10. Bf4 Nf6 11. e5 Nd5 12. Nxd5 cxd5 13. Rfe1 Be6 14. Bb5+ Kf8
15. exd6 Bxd6 16. Bc6 Rb8 17. Re2 Bxf4 18. Qxf4 Qd6 19. Qxd6+ cxd6 20. c3 Rb6
21. Ba4 g5 22. Bb3 Kg7 23. f3 Rb5 1/2-1/2

[Event "Druzynowe Mistrzostwa Polski Juniorow - II liga"]
[Site "Sypniewo k. Jastowia"]
[Date "2024-06-17"]
[Round "2.69"]
[White "Trusewicz, Remigiusz"]
[Black "Chmielnicki, Michal"]
[Result "0-1"]
[WhiteTitle "II"]
[BlackTitle "II"]
[WhiteElo "1645"]
[BlackElo "1506"]

1. e4 e5 2. Nf3 Nc6 3. Nc3 Nf6 4. Bb5 Bb4 5. O-O O-O 6. Bxc6 dxc6 7. d3 Nd7 8.
a3 Be7 9. Be3 Re8 10. Qd2 c5 11. Ne2 Bf8 12. Ng3 Nb8 13. h3 Nc6 14. c3 g6 15.
Rad1 f5 16. Bg5 Qd6 17. exf5 gxf5 18. Qe2 Be7 19. Bxe7 Qxe7 20. Rfe1 Qg7 21. Kh2
Kh8 22. Kh1 Rg8 23. Rg1 Bd7 24. b4 cxb4 25. axb4 a6 26. Nh5 Qe7 27. d4 e4 28.
Ne5 Rad8 29. Qc4 Nxe5 30. dxe5 Bb5 31. Qa2 Rxd1 32. Rxd1 Qg5 33. g4 Qh4 34. Kh2
fxg4 35. Nf6 Bc4 36. Qc2 Bd3 37. Qa2 Rg6 38. Nh5 Rg8 39. Nf6 Rg6 40. b5 g3+ 41.
Kg2 gxf2+ 42. Kf3 Qg3# 0-1

[Event "Druzynowe Mistrzostwa Polski Juniorow - II liga"]
[Site "Sypniewo k. Jastowia"]
[Date "2024-06-17"]
[Round "2.70"]
[White "Fajks, Julian"]
[Black "Cudyk, Oliwia"]
[Result "0-1"]
[WhiteTitle "II"]
[BlackTitle "I"]
[WhiteElo "1652"]
[BlackElo "1466"]

1. Nf3 d5 2. c4 dxc4 3. Qa4+ Nc6 4. Qxc4 e5 5. Nc3 Bd6 6. d3 h6 7. Ne4 Nf6 8. Bd2
Nxe4 9. Qxe4 Be6 10. g3 O-O 11. Qa4 f5 12. Bg2 Bd5 13. O-O a6 14. Rac1 Qe7 15.
Nd4 Bxg2 16. Nxf5 Rxf5 17. Kxg2 Kh8 18. Qb3 Nd8 19. Rc2 c6 20. Qb6 Ne6 21. Be3
c5 22. Rfc1 Raf8 23. f3 Nd4 24. Bxd4 exd4 25. Qb3 Re5 26. Re1 Re8 27. Rd2 c4 28.
Qxc4 Bb4 29. Qc2 Bxd2 30. Qxd2 Rxe2+ 0-1

[Event "Druzynowe Mistrzostwa Polski Juniorow - II liga"]
[Site "Sypniewo k. Jastowia"]
[Date "2024-06-17"]
[Round "2.71"]
[White "Michalak, Katarzyna"]
[Black "Dushnitska, Yuliia"]
[Result "1/2-1/2"]
[WhiteTitle "I"]
[BlackTitle "II+"]
[WhiteElo "1702"]
[BlackElo "1455"]

1. e4 c6 2. d4 d5 3. f3 e6 4. Nc3 Ne7 5. Nge2 Ng6 6. Nf4 Qc7 7. Nce2 Nxf4 8. Bxf4
Bd6 9. Bxd6 Qxd6 10. c3 Nd7 11. Ng3 O-O 12. Bd3 a5 13. O-O b5 14. Qc2 h6 15. a3
a4 16. e5 Qe7 17. f4 f5 18. Qe2 Nb6 19. Rf3 Bd7 20. Nf1 Be8 21. Rh3 Bg6 22. Nd2
Qf7 23. Rf1 Rab8 24. Qf2 Rfc8 25. Nf3 Nd7 26. Nh4 Bh7 27. Nf3 c5 28. Qg3 Kh8 29.
Qh4 Nf8 30. Be2 b4 31. cxb4 cxb4 32. Ne1 bxa3 33. bxa3 Rb2 34. Bh5 Qa7 35. Rd3
Rb3 36. Rff3 Rcb8 37. Rd1 Rb1 38. Rfd3 Qc7 39. R3d2 R8b2 40. Rxb2 Rxb2 41. Be8
Qa7 42. Nf3 Rb3 43. Ra1 Rxf3 44. gxf3 Qxd4+ 45. Kg2 Qxa1 46. Qe7 Qb2+ 47. Kg3
Qe2 48. Qxf8+ Bg8 49. Bf7 Qe1+ 50. Kg2 Qe2+ 51. Kg3 1/2-1/2

[Event "Druzynowe Mistrzostwa Polski Juniorow - II liga"]
[Site "Sypniewo k. Jastowia"]
[Date "2024-06-17"]
[Round "2.72"]
[White "Kalata, Julia"]
[Black "Tkacz, Katarzyna"]
[Result "0-1"]
[WhiteTitle "I"]
[BlackTitle "I"]
[WhiteElo "1482"]
[BlackElo "1666"]

1. e4 c5 2. Nf3 Nc6 3. d4 cxd4 4. Nxd4 g6 5. Nc3 Bg7 6. Be3 Nf6 7. Bc4 Qa5 8. f3
Qb4 9. Ndb5 Qxc4 10. Nc7+ Kd8 11. Nxa8 Qa6 12. Nd5 Nxd5 13. Qxd5 Bxb2 14. Rb1
Bc3+ 15. Kf2 Ba5 16. Qxf7 b6 17. Qg7 Re8 18. Qf7 Qb7 19. Nxb6 axb6 20. Qxh7 Ne5
21. Bf4 Bc3 22. Bxe5 Bxe5 23. Qxg6 d6 24. h4 Qc6 25. Rbe1 Qc5+ 26. Kf1 Ba6+ 27.
Re2 Qxc2 28. g4 Qxe2+ 29. Kg1 Qf1# 30. Kxf1 0-1

[Event "Druzynowe Mistrzostwa Polski Juniorow - II liga"]
[Site "Sypniewo k. Jastowia"]
[Date "2024-06-17"]
[Round "2.73"]
[White "Niesporek, Franciszek"]
[Black "Mazurek, Filip"]
[Result "0-1"]
[WhiteTitle "I"]
[BlackTitle "I"]
[WhiteElo "1782"]
[BlackElo "1879"]

1. d4 Nf6 2. Nf3 e6 3. Bg5 d5 4. Nbd2 Be7 5. e3 O-O 6. Bd3 Nbd7 7. c3 c5 8. h4
Qc7 9. Qe2 e5 10. dxe5 Nxe5 11. Nxe5 Qxe5 12. Nf3 Qc7 13. Bxf6 Bxf6 14. Ng5 g6
15. Qf3 Bxg5 16. hxg5 Qe5 17. Qf4 Qxf4 18. exf4 Re8+ 19. Kd2 Bd7 20. Rh4 Kg7 21.
Rah1 Rh8 22. g4 Rab8 23. f5 gxf5 24. gxf5 f6 25. gxf6+ Kxf6 26. Rh6+ Ke7 27. f6+
Kd6 28. f7+ Ke7 29. Rxh7 Rxh7 30. Rxh7 Rf8 31. Bg6 Kf6 32. Bh5 Bf5 33. Rh6+ Kg5
34. Rd6 Kxh5 35. Rxd5 Rxf7 36. Rxc5 Kg4 37. c4 Kf3 38. Kc3 Kxf2 39. a4 Be4 40.
Kd4 Kf3 41. a5 Rd7+ 42. Kc3 Rd3+ 43. Kb4 a6 44. Rc7 Ke3 45. Re7 Rd6 46. Kc3 Rd3+
47. Kb4 Rd2 48. b3 Ra2 49. Re8 Ra1 50. Re7 Kd4 51. Rd7+ Ke5 52. Re7+ Kf5 53. Re8
Bc6 54. Re7 Kf6 55. Re3 Rh1 56. Kc5 Kf7 57. Re2 Ra1 58. Kb4 Bd7 59. Re4 Bf5 60.
Re3 Be6 61. Re2 Ke7 62. Rd2 Bd7 63. Rd3 Kd8 64. Rg3 Kc7 65. Rg7 Rh1 66. Rg3 Rh3
67. Rg7 Rd3 68. Rh7 Kb8 69. Kc5 Bc6 70. b4 Ka7 71. Rh5 Rb3 72. Rg5 Rb1 73. Re5
Rc1 74. Kd4 Rb1 75. Kc5 Ra1 76. Rg5 Bf3 77. Rf5 Rf1 78. Re5 Bg4 79. Re4 Bd7 80.
Rh4 Rf5+ 81. Kd4 Rg5 82. Rh6 Be8 83. Rf6 Rg4+ 84. Kc5 Bd7 85. Kd5 Ba4 86. Rf8
Rh4 87. Rg8 Bc6+ 88. Kc5 Re4 89. Rg5 Bd7 90. Kd5 Rf4 91. Rg7 Be8 92. Re7 Bf7+
93. Ke5 Rxc4 94. Rxf7 Rxb4 95. Kd5 Rb5+ 96. Kc4 Rxa5 97. Kb4 Rh5 98. Rg7 a5+ 99.
Ka4 Ka6 100. Rg6+ b6 101. Rf6 Rh4+ 102. Ka3 a4 0-1

[Event "Druzynowe Mistrzostwa Polski Juniorow - II liga"]
[Site "Sypniewo k. Jastowia"]
[Date "2024-06-17"]
[Round "2.75"]
[White "Lassak, Franciszek"]
[Black "Etut, Filbert"]
[Result "0-1"]
[WhiteTitle "II"]
[BlackTitle "I"]
[WhiteElo "1533"]
[BlackElo "1815"]

1. g3 d5 2. Bg2 Nf6 3. c4 e6 4. d4 Be7 5. c5 O-O 6. Nf3 b6 7. cxb6 axb6 8. O-O
c5 9. Nc3 Nc6 10. dxc5 bxc5 11. Bg5 Bb7 12. a3 h6 13. Bxf6 Bxf6 14. e4 d4 15.
Ne2 Qb6 16. Nd2 Ba6 17. f4 e5 18. b3 exf4 19. gxf4 Bxe2 20. Qxe2 d3 0-1

[Event "Druzynowe Mistrzostwa Polski Juniorow - II liga"]
[Site "Sypniewo k. Jastowia"]
[Date "2024-06-17"]
[Round "2.76"]
[White "Baranowski, Jan"]
[Black "Karnowka, Kacper"]
[Result "1-0"]
[WhiteTitle "II"]
[BlackTitle "II"]
[WhiteElo "1577"]
[BlackElo "1510"]

1. e4 c5 2. Nf3 Nc6 3. b4 Nxb4 4. c3 Nc6 5. d4 cxd4 6. cxd4 g6 7. Bc4 Nh6 8. O-O
Bg7 9. h3 d6 10. Be3 O-O 11. Qd2 Qa5 12. Bxh6 Qxd2 13. Bxd2 Nxd4 14. Nxd4 Bxd4
15. Bc3 Bxc3 16. Nxc3 a6 17. Nd5 e6 18. Nb6 Rb8 19. Rad1 Rd8 20. Rd2 Kf8 21. Rfd1
Ke7 22. Bb3 f5 23. e5 d5 24. Ba4 g5 25. Rc2 g4 26. hxg4 fxg4 27. Rc7+ Kf8 28.
Rdc1 d4 29. Rxc8 Rbxc8 30. Rxc8 1-0

[Event "Druzynowe Mistrzostwa Polski Juniorow - II liga"]
[Site "Sypniewo k. Jastowia"]
[Date "2024-06-17"]
[Round "2.77"]
[White "Nieckarz, Maja"]
[Black "Zalewska, Malgorzata"]
[Result "1-0"]
[WhiteTitle "I++"]
[BlackTitle "I+"]
[WhiteElo "1745"]
[BlackElo "1722"]

1. e4 c6 2. d4 d5 3. Nc3 dxe4 4. Nxe4 Nf6 5. Nxf6+ exf6 6. c3 Bd6 7. Bd3 O-O 8.
Qc2 Re8+ 9. Ne2 h5 10. Be3 Nd7 11. O-O-O Nf8 12. c4 Be6 13. Kb1 Rc8 14. h3 b5
15. g4 h4 16. Rhg1 bxc4 17. Bxc4 Bd5 18. Bxd5 cxd5 19. Qf5 Rb8 20. g5 fxg5 21.
Qxg5 Ng6 22. Qxd8 Rexd8 23. Rc1 Rd7 24. Rc2 Rdb7 25. Ka1 Rb5 1-0

[Event "Druzynowe Mistrzostwa Polski Juniorow - II liga"]
[Site "Sypniewo k. Jastowia"]
[Date "2024-06-17"]
[Round "2.79"]
[White "Bochenek, Piotr"]
[Black "Sowa, Roch"]
[Result "1-0"]
[WhiteTitle "II+"]
[BlackTitle "I"]
[WhiteElo "1796"]
[BlackElo "1707"]

1. d4 Nf6 2. c4 g6 3. Nc3 Bg7 4. e4 d6 5. h3 O-O 6. Be3 Nc6 7. d5 Ne5 8. f4 Ned7
9. g4 e6 10. dxe6 fxe6 11. Bg2 a6 12. Nge2 Rb8 13. O-O b5 14. cxb5 axb5 15. Nd4
Qe8 16. Ndxb5 Qe7 17. Ba7 Ba6 18. Bxb8 Rxb8 19. a4 h6 1-0

[Event "Druzynowe Mistrzostwa Polski Juniorow - II liga"]
[Site "Sypniewo k. Jastowia"]
[Date "2024-06-17"]
[Round "2.80"]
[White "Wolak, Maciej"]
[Black "Czech, Emil"]
[Result "1/2-1/2"]
[WhiteTitle "II"]
[BlackTitle "II+"]
[WhiteElo "1806"]
[BlackElo "1680"]

1. f4 d5 2. Nf3 g6 3. e3 Bg7 4. Nc3 Nf6 5. b3 O-O 6. Bb2 c5 7. d4 b6 8. Qe2 Ba6
9. Qf2 Bxf1 10. Qxf1 Nc6 11. O-O-O e6 12. Ne5 Qc7 13. g4 Nxe5 14. fxe5 Nxg4 15.
Qf3 Nh6 16. Nb5 Qd7 17. Nd6 f6 18. dxc5 fxe5 19. Qg3 bxc5 20. Bxe5 Bxe5 21. Qxe5
Ng4 22. Qg3 Nxe3 23. Qxe3 Qxd6 24. Rdf1 a5 25. a4 c4 26. bxc4 dxc4 27. h4 e5 28.
Rfg1 Qd4 29. Qxd4 exd4 30. h5 Ra6 31. Rh4 Rf5 32. Rgg4 Rc6 33. hxg6 hxg6 34. Kd2
c3+ 35. Kd3 Kf7 1/2-1/2

[Event "Druzynowe Mistrzostwa Polski Juniorow - II liga"]
[Site "Sypniewo k. Jastowia"]
[Date "2024-06-17"]
[Round "2.82"]
[White "Kopia, Julian"]
[Black "Pisarski, Marek"]
[Result "1-0"]
[WhiteTitle "I"]
[BlackTitle "II"]
[WhiteElo "1563"]
[BlackElo "1423"]

1. e4 c5 2. Nc3 g6 3. g3 Bg7 4. Bg2 Nc6 5. f4 d6 6. Nf3 Bg4 7. h3 Bxf3 8. Bxf3
Bd4 9. Ne2 Bg7 10. c3 g5 11. d3 gxf4 12. Nxf4 Bh6 13. O-O e5 14. Nd5 Bxc1 15.
Rxc1 Nge7 16. Bh5 Nxd5 17. Bxf7+ Kd7 18. exd5 Ne7 19. Be6+ Kc7 20. Rf7 Rg8 21.
Kh2 h6 22. Qh5 Kb8 23. Rxe7 Qxe7 24. Bxg8 Kc7 25. Qf7 Kb8 26. Qh5 Kc7 27. Qf7
Qxf7 28. Bxf7 Rf8 29. Rf1 Kd8 30. Kg2 Ke7 31. Be6 Rb8 32. Rf7+ Ke8 33. Rh7 Kd8
34. Rh8+ Kc7 35. Rxb8 Kxb8 36. Kf3 h5 37. g4 hxg4+ 38. hxg4 Kc7 39. g5 Kd8 40.
g6 Ke7 41. g7 Kf6 42. g8=Q e4+ 43. Kf4 exd3 44. Qf7# 1-0

[Event "Druzynowe Mistrzostwa Polski Juniorow - II liga"]
[Site "Sypniewo k. Jastowia"]
[Date "2024-06-17"]
[Round "2.85"]
[White "Semenowicz, Julian"]
[Black "Jankowski, Franciszek"]
[Result "0-1"]
[WhiteTitle "II"]
[BlackTitle "I"]
[WhiteElo "1632"]
[BlackElo "1710"]

1. e4 c5 2. Nc3 Nc6 3. Nf3 e6 4. d4 cxd4 5. Nxd4 Nf6 6. a3 d6 7. Be2 Be7 8. Be3
Bd7 9. Qd2 a6 10. f3 b5 11. g4 h6 0-1

[Event "Druzynowe Mistrzostwa Polski Juniorow - II liga"]
[Site "Sypniewo k. Jastowia"]
[Date "2024-06-17"]
[Round "2.86"]
[White "Leszczewicz, Karol"]
[Black "Rygiel, Kacper"]
[Result "1-0"]
[WhiteTitle "I+"]
[BlackTitle "II"]
[WhiteElo "1668"]
[BlackElo "1563"]

1. d4 d5 2. c4 c6 3. Nf3 Nf6 4. Nc3 a6 5. cxd5 cxd5 6. Bf4 Nc6 7. e3 Bg4 8. Be2
Bxf3 9. Bxf3 e6 10. O-O Bd6 11. Bg5 1-0

[Event "Druzynowe Mistrzostwa Polski Juniorow - II liga"]
[Site "Sypniewo k. Jastowia"]
[Date "2024-06-17"]
[Round "2.91"]
[White "Jablonski, Piotr"]
[Black "Gorny, Tomasz"]
[Result "0-1"]
[WhiteTitle "II"]
[BlackTitle "I"]
[WhiteElo "1570"]
[BlackElo "1876"]

1. e4 e5 2. Nf3 Nc6 3. Bc4 Bc5 4. c3 Nf6 5. O-O d6 6. d4 exd4 7. cxd4 Bb6 8. h3
O-O 9. Re1 h6 10. Bf4 d5 11. exd5 Nxd5 12. Bxd5 Qxd5 13. Nc3 Qf5 14. Bg3 Rd8 15.
d5 Be6 16. Ne5 Nb4 17. Ng4 Nxd5 18. Qb3 Nxc3 19. Qxc3 Ba5 20. b4 Rd3 21. Qb2 Bb6
22. Be5 Qg6 23. Bh2 Bxg4 24. hxg4 Bd4 25. Qe2 Bxa1 26. Rxa1 c6 27. Qe7 Rad8 28.
Bg3 Qxg4 29. Bh4 R3d7 30. Qxd8+ Rxd8 31. Bxd8 Qd4 0-1